International Journal Of Regulation And Governance (Record no. 17694)

MARC details
000 -LEADER
fixed length control field 00423nam a2200145Ia 4500
008 - FIXED-LENGTH DATA ELEMENTS--GENERAL INFORMATION
fixed length control field 220803s9999 xx 000 0 und d
041 ## - LANGUAGE CODE
Language code of text/sound track or separate title eng
082 ## - DEWEY DECIMAL CLASSIFICATION NUMBER
Classification number 711.5 SRI/KAL
100 ## - MAIN ENTRY--PERSONAL NAME
Personal name Srivastava L Ed.
9 (RLIN) 27742
245 ## - TITLE STATEMENT
Title International Journal Of Regulation And Governance
260 ## - PUBLICATION, DISTRIBUTION, ETC. (IMPRINT)
Place of publication, distribution, etc. New Delhi
Name of publisher, distributor, etc. Teri Press
Date of publication, distribution, etc. 2005
300 ## - PHYSICAL DESCRIPTION
Extent 68p
650 ## - SUBJECT ADDED ENTRY--TOPICAL TERM
Topical term or geographic name as entry element Urban Architecture
9 (RLIN) 27743
700 ## - ADDED ENTRY--PERSONAL NAME
Personal name Kalra P Ed. Srivastava L Ed.
9 (RLIN) 27744
Holdings
Withdrawn status Lost status Damaged status Not for loan Home library Current library Shelving location Date acquired Total Checkouts Full call number Barcode Date last seen Bill Date Koha item type Original Barcode
        Dr. Bhanuben Nanavati College of Architecture Dr. Bhanuben Nanavati College of Architecture   30/10/2008   711.5 SRI/KAL BNCA-DB-133 03/08/2022 03/08/2022 Donated Book DB000133